[Event "Gibraltar Amateur op-A"]
[Site "Caleta"]
[Date "2019.01.24"]
[Round "4"]
[White "Whitworth, John"]
[Black "Poggio, Freddie"]
[Result "1-0"]
[WhiteElo "1690"]
[BlackElo "1765"]
[PlyCount "93"]
[EventDate "2019.01.21"]
[EventType "swiss"]
[EventRounds "5"]
[EventCountry "GGB"]
[SourceTitle "CBM 188 Extra"]
[Source "ChessBase"]
[SourceDate "2019.02.26"]
[SourceVersion "1"]
[SourceVersionDate "2019.02.26"]
[SourceQuality "1"]

1. e4 c5 2. c3 d6 3. d4 cxd4 4. cxd4 Nf6 5. Nc3 g6 6. Nf3 Bg7 7. Be3 0-0 8. h3 a6 9. Rc1 b5 10. Bd3 Bb7 11. a3 Nbd7 12. 0-0 Rc8 13. Qd2 e5 14. d5 Nc5 15. Bc2 Na4 16. Nxa4 bxa4 17. Qb4 Rb8 18. Bb6 Qe7 19. Bxa4 Bxd5 20. Qa5 Bxe4 21. Rc7 Qe6 22. Ng5 Qd5 23. Nxe4 Qxe4 24. Bc6 Qd3 25. b4 d5 26. Bb7 Qb5 27. Qxb5 axb5 28. Rfc1 d4 29. Kf1 Nd5 30. Bxd5 Rxb6 31. Ra7 Rd6 32. Bb3 e4 33. Rcc7 Rf6 34. Re7 e3 35. f3 Bh6 36. Red7 e2+ 37. Kxe2 Be3 38. Rab7 h5 39. Rxb5 Bc1 40. a4 Re8+ 41. Kd1 Bb2 42. Rbb7 Bc3 43. Bxf7+ Rxf7 44. Rxf7 d3 45. Rfe7 Rxe7 46. Rxe7 Bxb4 47. Rd7 1-0

[Event "Gibraltar Amateur op-A"]
[Site "Caleta"]
[Date "2019.01.23"]
[Round "3"]
[White "Portman, Carl S"]
[Black "Whitworth, John"]
[Result "1-0"]
[WhiteElo "1884"]
[BlackElo "1690"]
[PlyCount "55"]
[EventDate "2019.01.21"]
[EventType "swiss"]
[EventRounds "5"]
[EventCountry "GGB"]
[SourceTitle "CBM 188 Extra"]
[Source "ChessBase"]
[SourceDate "2019.02.26"]
[SourceVersion "1"]
[SourceVersionDate "2019.02.26"]
[SourceQuality "1"]

1. Nf3 d5 2. b3 Nf6 3. Bb2 Bg4 4. e3 Nbd7 5. Be2 e6 6. d3 Bd6 7. Nbd2 0-0 8. h3 Bxf3 9. Bxf3 c6 10. g4 e5 11. e4 d4 12. Qe2 Ne8 13. 0-0-0 Nc7 14. h4 Ne6 15. Rdg1 b5 16. Nb1 Qe7 17. g5 Nf4 18. Qd2 a5 19. h5 a4 20. g6 fxg6 21. hxg6 Nxg6 22. Bg4 axb3 23. Bxd7 bxa2 24. Bxc6 a1Q 25. Bd5+ Kh8 26. Qe2 Qf6 27. Rxh7+ Kxh7 28. Qh5# 1-0

[Event "Gibraltar Amateur op-A"]
[Site "Caleta"]
[Date "2019.01.22"]
[Round "2"]
[White "Whitworth, John"]
[Black "Dennis, Nigel W"]
[Result "1-0"]
[WhiteElo "1690"]
[BlackElo "1805"]
[PlyCount "33"]
[EventDate "2019.01.21"]
[EventType "swiss"]
[EventRounds "5"]
[EventCountry "GGB"]
[SourceTitle "CBM 188 Extra"]
[Source "ChessBase"]
[SourceDate "2019.02.26"]
[SourceVersion "1"]
[SourceVersionDate "2019.02.26"]
[SourceQuality "1"]

1. e4 c5 2. c3 d5 3. exd5 Qxd5 4. d4 Nf6 5. Nf3 e6 6. Na3 cxd4 7. Nb5 Qd8 8. Qxd4 a6 9. Qxd8+ Kxd8 10. Nbd4 Bd6 11. Bg5 Nbd7 12. 0-0-0 Ke7 13. Bc4 h6 14. Bxf6+ Nxf6 15. Rhe1 Bd7 16. Nf5+ Kd8 17. Nxd6 1-0

[Event "US Open-88"]
[Site "Portland"]
[Date "1987.08.14"]
[Round "12"]
[White "Whitworth, John"]
[Black "Haskins, Marcos"]
[Result "1-0"]
[WhiteElo "1264"]
[BlackElo "1619"]
[PlyCount "41"]
[EventDate "1987.08.02"]
[EventType "swiss"]
[EventRounds "12"]
[EventCountry "USA"]
[SourceTitle "EXT 1997"]
[Source "ChessBase"]
[SourceDate "1996.11.15"]
[SourceVersion "1"]
[SourceVersionDate "1996.11.15"]
[SourceQuality "1"]

1. e4 c5 2. Nf3 d6 3. d4 cxd4 4. Nxd4 Nf6 5. Nc3 a6 6. Be3 e6 7. Be2 Be7 8. 0-0 0-0 9. Qd2 Bd7 10. f4 b5 11. a3 Nc6 12. f5 Qc7 13. Rf3 Ng4 14. Raf1 d5 15. Rg3 Nxe3 16. Qxe3 Nxd4 17. f6 Nxe2+ 18. Qxe2 Bc5+ 19. Kh1 g6 20. Qh5 Qxg3 21. Qh6 1-0